MARC

Tag First Indicator Second Indicator Subfields
LEADER 00000cam a2200000Ia 4500
001 in00002786460
005 20151202171605.0
008 121203s1976 txu 000 0 eng d
035 |a (OCoLC)ocn820003742 
035 |a (OCoLC)820003742 
040 |a TXA  |c TXA  |d UtOrBLW 
043 |a n-us-tx 
049 |a TXAM 
090 |a HT165.52  |b .O66 1976 
100 1 |a Oppenheim, Norbert. 
245 1 0 |a Environmental design options program :  |b final project report /  |c Norbert Oppenheim. 
264 1 |a College Station, Tex. :  |b Texas A&M University, Department of Urban and Regional Planning, College of Architecture and Environmental Design,  |c 1976. 
300 |a 97 leaves ;  |c 28 cm. 
336 |a text  |b txt  |2 rdacontent 
337 |a unmediated  |b n  |2 rdamedia 
338 |a volume  |b nc  |2 rdacarrier 
536 |a National Endowment for the Arts  |f R 50-42-84 
650 0 |a City planning  |x Environmental aspects  |x Study and teaching  |z Texas  |z College Station. 
610 2 0 |a Texas A & M University.  |b Department of Urban and Regional Planning. 
710 2 |a Texas A & M University.  |b Department of Urban and Regional Planning. 
710 2 |a National Endowment for the Arts. 
994 |a C0  |b TXA 
948 |a cataloged  |b h  |c 2012/12/3  |d o  |e nbehmer  |f 9:37:10 am 
999 |a MARS 
999 f f |s 5b09d5be-792b-30bf-b478-cbf0a6fc926b  |i e047d1c7-b3c5-3926-b8c6-a4a4ada734bd  |t 0 
952 f f |p noncirc  |a Texas A&M University  |b College Station  |c Cushing Memorial Library & Archives  |d Cushing: Texas A&M Publications (Remote Storage: 2-3 day retrieval)  |t 0  |e HT165.52 .O66 1976  |h Library of Congress classification  |i unmediated -- volume 
998 f f |a HT165.52 .O66 1976  |t 0  |l Cushing: Texas A&M Publications (Remote Storage: 2-3 day retrieval)